000 01573nam0a2200337 4500
001 RU\NLR\BIBL_A\012174505
005 20201027125654.0
010 _a978-5-09-074959-6
_92058
021 _aRU
_bКН-П-23-054697
_9КН-П-23-5493
021 _aRU
_bКН-П-19-092595
_9КН-П-19-6779
035 _a(NLR Aleph) 012174505
035 _a(RuMoRGB)010185399
090 _a12256628
_c12256628
100 _a20191228d2019 c y0rusy50 ca
101 0 _alak
102 _aRU
105 _a |||zzzz000zy
200 1 _aЛитературийсса буккаву
_dЛитературное чтение
_e1 класс
_eаьмсса кIулшиву дулаврил идарарттансса учебный пособие
_fС. Р. Мутаева
_zrus
210 _aМосква
_aСанкт-Петербург
_cПросвещение
_d2019
215 _a95 с.
_cцв. ил.
_d26
333 _a0+
510 1 _aЛитературное чтение
_eучебное пособие на лакском языке для общеобразовательных организаций
_zrus
606 1 _aЛакский язык
_jХрестоматии для начальной школы
_2nlr_sh2
_3RU\NLR\AUTH\66458558
686 3 _aШ160.34-922.1[1]хр
700 1 _aМутаева
_bС. Р.
_cфилолог, методист
_gСветлана Рамазановна
_3RU\NLR\AUTH\770201375
852 _aNLR
_bОНЛ
_jЛак./4-90
942 _cBOOK
980 _aNB